Italian People Around the World - Statistics

General Stats
  • This quiz has been taken 124 times
  • The average score is 8 of 10
Answer Stats
Rank Country Population Percent of Total Population % Correct
4 USA 17,250,211 5.6%
98%
5 France 4,000,000 5.97%
93%
1 Italy 55,000,000 92.91%
93%
7 Canada 1,587,870 4.6%
90%
3 Argentina 25,000,000 62.5%
86%
2 Brazil 30,000,000 15%
86%
10 Australia 1,000,006 4.6%
78%
8 Peru 1,530,563 4.35%
53%
6 Venezuela 1,736,766 5%
53%
9 Uruguay 1,055,220 40%
52%
No matching quizzes found
Score Distribution
Percent of People with Each Score
Percentile by Number Answered
Your Score History
You have not taken this quiz